000 00377nam a2200145Ia 4500
008 240624s9999 xx 000 0 und d
041 _aeng
082 _a658.3 CAS
100 _aCASCIO WAYNE F
245 _aMANAGING HUMAN RESOURCES PRODUCTIVITY QU
250 _a(7th ed.)
260 _c2006
_aNew Delhi
_bTata McGrawhill
300 _axxx, : 706 : p. : cm. ; 25
365 _cRS
999 _c3640
_d3640